| 000 | 01470cam a22003494a 4500 | ||
|---|---|---|---|
| 001 | 12040321 | ||
| 005 | 20170105102857.0 | ||
| 008 | 000614s2000 caua b 001 0 eng | ||
| 010 | _a 00055706 | ||
| 020 | _a0804736456 (alk. paper) | ||
| 020 | _a0804736464 (pbk. : alk. paper) | ||
| 040 |
_aDLC _cDLC _dDLC |
||
| 042 | _apcc | ||
| 043 | _an-us--- | ||
| 050 | 0 | 0 |
_aQ127.U5 _bH55 2000 |
| 082 | 0 | 0 |
_a338.973/06 _221 |
| 100 | 1 | _aHilgartner, Stephen. | |
| 245 | 1 | 0 |
_aScience on stage : _bexpert advice as public drama / _cStephen Hilgartner. |
| 260 |
_aStanford, Calif. : _bStanford University Press, _cc2000. |
||
| 300 |
_axi, 213 p. : _bill. _c24 cm. |
||
| 440 | 0 | _aWriting science | |
| 504 | _aIncludes bibliographical references (p. 185-203) and index. | ||
| 610 | 2 | 0 | _aNational Academy of Sciences (U.S.) |
| 650 | 0 |
_aScience consultants _zUnited States. |
|
| 650 | 0 |
_aScience and state _zUnited States. |
|
| 856 | 4 | 2 |
_3Publisher description _uhttp://www.loc.gov/catdir/description/cam021/00055706.html |
| 856 | 4 | 1 |
_3Table of contents _uhttp://www.loc.gov/catdir/toc/cam027/00055706.html |
| 856 | 4 | 2 |
_3Contributor biographical information _uhttp://www.loc.gov/catdir/enhancements/fy0710/00055706-b.html |
| 906 |
_a7 _bcbc _corignew _d1 _eocip _f20 _gy-gencatlg |
||
| 942 |
_2ddc _cBK |
||
| 999 |
_c14548 _d14548 |
||